000 00759nam a2200253 i 4500
001 11861
003 ES-MaACL
005 20250907063033.0
007 t|
008 940201s1993 sp |||| | spa j
020 _a84-8132-009-9
080 _a860-14"19"
100 1 _aCardona, Ángeles,
_d1925-
_9164713
245 1 4 _aUna semana en Passau
_b= Eine Woche in Passau /
_cAngeles Cardona ; [ilustraciones, Carme Viñas].
246 3 1 _aEine Woche in Passau
250 _a1ª ed.
260 _aBarcelona :
_bSeuba,
_c1993.
300 _a59 p. ;
_c20 cm.
490 1 _aEl juglar y la luna ;
_v73
700 1 _aViñas, Carme.
_9115371
830 0 _aEl juglar y la luna ;
_v73
_9177351
852 _aES-MaACL
_jL-19221
999 _c11861
_d11861